000
00300nam a2200133Ia 4500
008
191201s2013 xx 000 0 und d
100
_a
KRISHNARAJU,N
245
0
_a
Design of Bridges
250
_a
Rep
260
_a
N. Delhi
_b
Oxford
_c
2013
300
_a
572
650
_a
B.Tech(CE)
942
_2
ddc
_c
BK
999
_c
5591
_d
5591